College Football Teams Named Tigers - Statistics

General Stats
  • This quiz has been taken 4,218 times
  • The average score is 4 of 12
Answer Stats
Hint Answer % Correct
FBS LSU
88%
FBS Clemson
81%
FBS Auburn
80%
FBS Missouri
58%
FBS Memphis
41%
FCS Princeton
23%
FCS Grambling State
11%
FCS Jackson State
7%
FCS Tennessee State
7%
FCS Towson
7%
FCS Texas Southern
5%
FCS Savannah State
4%
No matching quizzes found
Score Distribution
Percent of People with Each Score
Percentile by Number Answered
Your Score History
You have not taken this quiz